<?xml version="1.0" encoding="UTF-8"?><?xml-stylesheet type="text/xsl" href="static/style.xsl"?><OAI-PMH xmlns="http://www.openarchives.org/OAI/2.0/" xmlns:xsi="http://www.w3.org/2001/XMLSchema-instance" xsi:schemaLocation="http://www.openarchives.org/OAI/2.0/ http://www.openarchives.org/OAI/2.0/OAI-PMH.xsd"><responseDate>2026-04-17T20:37:37Z</responseDate><request verb="GetRecord" identifier="oai:www.recercat.cat:2117/395479" metadataPrefix="marc">https://recercat.cat/oai/request</request><GetRecord><record><header><identifier>oai:recercat.cat:2117/395479</identifier><datestamp>2025-07-22T21:02:14Z</datestamp><setSpec>com_2072_1033</setSpec><setSpec>col_2072_452951</setSpec></header><metadata><record xmlns="http://www.loc.gov/MARC21/slim" xmlns:dcterms="http://purl.org/dc/terms/" xmlns:xsi="http://www.w3.org/2001/XMLSchema-instance" xmlns:doc="http://www.lyncode.com/xoai" xsi:schemaLocation="http://www.loc.gov/MARC21/slim http://www.loc.gov/standards/marcxml/schema/MARC21slim.xsd">
   <leader>00925njm 22002777a 4500</leader>
   <datafield ind2=" " ind1=" " tag="042">
      <subfield code="a">dc</subfield>
   </datafield>
   <datafield ind2=" " ind1=" " tag="720">
      <subfield code="a">Roca Grau, María</subfield>
      <subfield code="e">author</subfield>
   </datafield>
   <datafield ind2=" " ind1=" " tag="260">
      <subfield code="c">2023-10-02</subfield>
   </datafield>
   <datafield ind2=" " ind1=" " tag="520">
      <subfield code="a">El projecte aborda la discontinuïtat en el Camí de Ronda, ruta històrica del litoral català que uneix pobles i paisatges marítims des de Blanes fins a Portbou.&#xd;
Soluciona la Fractura generada a la Marina de Port d'Aro i la privatització de la costa.&#xd;
La intervenció urbanística a la Punta Pinell proposa restablir el lligam amb el mar, cosir la fractura i preservar la continuïtat del camí. Un nou equipament multifuncional actua com a punt d'arribada i suport a les activitats marítimes, fomentant la relació amb l'espai urbà.&#xd;
A través d'aquest conjunt, es busca esborrar les divisions i generar una relació fluida entre la vegetació, el mar i les activitats desenvolupades en aquests entorns.</subfield>
   </datafield>
   <datafield ind2=" " ind1=" " tag="520">
      <subfield code="a">El proyecto aborda la discontinuidad en el Camino de Ronda, ruta histórica del litoral catalán que une pueblos y paisajes marítimos desde Blanes hasta Portbou.&#xd;
Soluciona la Fractura generada en la Marina de Port d'Aro y la privatización de la costa.&#xd;
La intervención urbanística en la Punta Pinell propone restablecer el vínculo con el mar, coser la fractura y preservar la continuidad del camino. Un nuevo equipamiento multifuncional actúa como punto de llegada y soporte a las actividades marítimas, fomentando la relación con el espacio urbano.</subfield>
   </datafield>
   <datafield ind2=" " ind1=" " tag="520">
      <subfield code="a">The project addresses the discontinuity in the Camino de Ronda, a historical route of the Catalan coastline that links villages and maritime landscapes from Blanes to Portbou.&#xd;
It solves the Fracture generated in the Marina of Port d'Aro and the privatization of the coast.&#xd;
The urban planning intervention at Punta Pinell proposes to reestablish the link with the sea, sew the fracture and preserve the continuity of the path. A new multifunctional facility acts as a point of arrival and support for maritime activities, fostering the relationship with the urban space.</subfield>
   </datafield>
   <datafield tag="653" ind2=" " ind1=" ">
      <subfield code="a">Àrees temàtiques de la UPC::Urbanisme::Arquitectura del paisatge</subfield>
   </datafield>
   <datafield tag="653" ind2=" " ind1=" ">
      <subfield code="a">Trails -- Spain -- Playa de Aro</subfield>
   </datafield>
   <datafield tag="653" ind2=" " ind1=" ">
      <subfield code="a">Multipurpose buildings -- Spain -- Playa de Aro</subfield>
   </datafield>
   <datafield tag="653" ind2=" " ind1=" ">
      <subfield code="a">Landscape architecture -- Spain -- Playa de Aro</subfield>
   </datafield>
   <datafield tag="653" ind2=" " ind1=" ">
      <subfield code="a">El Camí de Ronda</subfield>
   </datafield>
   <datafield tag="653" ind2=" " ind1=" ">
      <subfield code="a">Fractura</subfield>
   </datafield>
   <datafield tag="653" ind2=" " ind1=" ">
      <subfield code="a">Cosir</subfield>
   </datafield>
   <datafield tag="653" ind2=" " ind1=" ">
      <subfield code="a">Continuïtat</subfield>
   </datafield>
   <datafield tag="653" ind2=" " ind1=" ">
      <subfield code="a">Infraestructura</subfield>
   </datafield>
   <datafield tag="653" ind2=" " ind1=" ">
      <subfield code="a">Arribada</subfield>
   </datafield>
   <datafield tag="653" ind2=" " ind1=" ">
      <subfield code="a">Estada</subfield>
   </datafield>
   <datafield tag="653" ind2=" " ind1=" ">
      <subfield code="a">Camins -- Catalunya -- Platja d'Aro</subfield>
   </datafield>
   <datafield tag="653" ind2=" " ind1=" ">
      <subfield code="a">Edificis multifuncionals -- Catalunya -- Platja d'Aro</subfield>
   </datafield>
   <datafield tag="653" ind2=" " ind1=" ">
      <subfield code="a">Arquitectura del paisatge -- Catalunya -- Platja d'Aro</subfield>
   </datafield>
   <datafield ind2="0" ind1="0" tag="245">
      <subfield code="a">Entre el mar i la terra: un espai multifuncional per a la continuïtat del camí de ronda a la Marina de Port d'Aro</subfield>
   </datafield>
</record></metadata></record></GetRecord></OAI-PMH>